Opatija. (Запис № 533316)

МАРК-запис
000 -LEADER
fixed length control field 01417cam a2200313M 4500
001 - CONTROL NUMBER
control field opatijaa00anti
003 - CONTROL NUMBER IDENTIFIER
control field CaSfIA
005 - DATE AND TIME OF LATEST TRANSACTION
control field 20210118194907.0
007 - PHYSICAL DESCRIPTION FIXED FIELD--GENERAL INFORMATION
fixed length control field cr||||
008 - FIXED-LENGTH DATA ELEMENTS--GENERAL INFORMATION
fixed length control field 880825s1964 yu a 000 0 eng d
040 ## - CATALOGING SOURCE
Original cataloging agency ORZ
Transcribing agency ORZ
Modifying agency OCL
-- CaSfIA
035 ## - SYSTEM CONTROL NUMBER
System control number (OCoLC)18401270
041 1# - LANGUAGE CODE
Language code of text/sound track or separate title eng
Language code of original and/or intermediate translations of text hrv
043 ## - GEOGRAPHIC AREA CODE
Geographic area code e-yu---
100 1# - MAIN ENTRY--PERSONAL NAME
Personal name Antic, Vinko.
245 10 - TITLE STATEMENT
Title Opatija.
Medium [electronic resource]
Statement of responsibility, etc [Editor: Ivo Frol. Text: Vinko Antic and Ivan Ivanji. Translated from the Serbo-Croat by Kordija Kveder. Photos.: T. Dabac, et al.]
260 ## - PUBLICATION, DISTRIBUTION, ETC. (IMPRINT)
Place of publication, distribution, etc Beograd,
Name of publisher, distributor, etc Jugoslavija
Date of publication, distribution, etc [1964]
300 ## - PHYSICAL DESCRIPTION
Extent 13, 6 p.,
Other physical details [64] p. of illus.
Dimensions 18 cm.
490 0# - SERIES STATEMENT
Series statement Photoguides "Jugoslavija"
500 ## - GENERAL NOTE
General note Colored maps on lining papers.
506 ## - RESTRICTIONS ON ACCESS NOTE
Standardized terminology for access restriction Необхідна авторизація на https://archive.org/ (створення облікового запису безкоштовно)
506 ## - RESTRICTIONS ON ACCESS NOTE
Standardized terminology for access restriction Необхідна авторизація на https://openlibrary.org/ (створення облікового запису безкоштовно)
651 #0 - SUBJECT ADDED ENTRY--GEOGRAPHIC NAME
Geographic name Opatija (Rijeka, Croatia)
Form subdivision Pictorial works.
700 1# - ADDED ENTRY--PERSONAL NAME
Personal name Ivanji, Ivan,
Dates associated with a name 1929-
700 1# - ADDED ENTRY--PERSONAL NAME
Personal name Dabac, Toso,
Relator term illus.
856 41 - ELECTRONIC LOCATION AND ACCESS
Uniform Resource Identifier <a href="http://www.archive.org/details/opatijaa00anti">http://www.archive.org/details/opatijaa00anti</a>
Public note Free eBook from the Internet Archive
856 42 - ELECTRONIC LOCATION AND ACCESS
Uniform Resource Identifier <a href="http://www.openlibrary.org/books/OL24215924M">http://www.openlibrary.org/books/OL24215924M</a>
Public note Additional information and access via Open Library
942 ## - ADDED ENTRY ELEMENTS (KOHA)
Koha item type ЕКнига

Немає доступних примірників.